000 00824nam a2200253Ia 4500
003 OSt
005 20220923221005.0
006 a|||||r|||| 00| 0
007 ta
008 220922b |||||||| |||| 00| 0 hin d
024 _a193,455
037 _cTextual
040 _aARTS
_cARTS
_bhin
041 _2hin
_ahin
082 _aO152,3N584x, M9
100 _aउपाध्याय, राजेन्द्र, संपा.
245 0 _aऐश ट्रे
246 _aAish ṭre
260 _aदिल्ली
_b वाणी प्रकाशन
_c1989
300 _a104पृ.
_ccm.
650 _aहिन्दी साहित्य
_9156264
942 _hO152,3N584x, M9
_cTEXL
_2CC
999 _c345903
_d345903